Medi ambient i geologia / Jaume Bech i Borràs ... [et al.]
Descripción Física:
292 p. : il. ; 24 cm
Colección:
Quaderns d'ecologia aplicada, Qd'EA ; 15
Otros Autores:
Bech i Borràs, Jaume
Materias:
Geologia ambiental
MARC
| LEADER | 00000nam a2200000Ia 4500 | ||
|---|---|---|---|
| 001 | 12090 | ||
| 008 | 160829s1998 xx 000 0 cat d | ||
| 080 | |a C-1-229 | ||
| 245 | |a Medi ambient i geologia / Jaume Bech i Borràs ... [et al.] | ||
| 260 | |a Barcelona : |b Diputació de Barcelona, Servei del Medi Ambient, |c 1998 | ||
| 300 | |a 292 p. : |b il. ; |c 24 cm | ||
| 490 | |a Quaderns d'ecologia aplicada, Qd'EA ; 15 | ||
| 650 | |a Geologia ambiental |9 20666 | ||
| 700 | |a Bech i Borràs, Jaume |9 20667 | ||
| 710 | 1 | |a Barcelona (Catalunya : Província). |b Servei de Medi Ambient |9 53475 | |
| 901 | |a Arxiu | ||
| 942 | |n 1 | ||
| 952 | |0 0 |1 0 |4 0 |6 C1229 |7 1 |9 41626 |a Arxiu |b Arxiu |d 2016-12-01 |l 0 |o C-1-229 |p 12090 |r 2016-12-01 00:00:00 |w 2016-12-01 |y ARXIU | ||
| 999 | |c 43516 |d 43516 | ||